| 000 | 00965cab a2200313 4500 | ||
|---|---|---|---|
| 001 | ABS60220 | ||
| 008 | 090401t1999 xxu||||| |||| 00| 0 eng d | ||
| 035 | _a(Sirsi) u91383 | ||
| 041 | _aeng | ||
| 100 | _aJones, G. | ||
| 245 | _aPlanning law update | ||
| 260 | _c1999 | ||
| 350 | _a0 | ||
| 490 |
_aSolicitors` Journal _v143(6) 12 February 1999, 133-134(2) |
||
| 520 | _aLooks at recent developments in planning law, including PPG 6 on town centres, professional negligence, technical evidence and public concern as a material consideration. | ||
| 650 | _aENVIRONMENTAL ASSESSMENT | ||
| 650 | _aNEGLIGENCE | ||
| 650 | _aNEWPORT BC V SOS WALES | ||
| 650 | _aPLANNERS | ||
| 650 | _aPLANNING PERMISSION | ||
| 650 | _aPLANNING POLICY GUIDANCE NOTE SIX | ||
| 650 | _aPUBLIC OPINION | ||
| 650 | _aREFUSAL | ||
| 650 | _aTECHNICAL EVIDENCE | ||
| 650 | _aTOWN CENTRES | ||
| 690 | _aPLANNING LAW AND PRACTICE | ||
| 942 | _n0 | ||
| 948 | _c17/02/1999 | ||
| 999 |
_c58005 _d58005 |
||